|
|
|
|
| LEADER |
00000nam a22000007a 4500 |
| 005 |
20200723224638.0 |
| 007 |
cr|||| |||| |
| 008 |
200723s2019 co |||||s|||| 00||0 spa d |
| 020 |
|
|
|a 978-958-783-750-6
|
| 035 |
|
|
|a 31823
|
| 040 |
|
|
|a vLex
|
| 090 |
|
|
|c 10698
|d 10698
|
| 100 |
1 |
|
|a Gm̤ez Lp̤ez, Augusto Javier
|
| 245 |
1 |
0 |
|a Battista Venturello
|h [Recurso electrn̤ico] :
|b Las huellas de un largo peregrinaje por territorios indg̕enas /
|c Augusto Javier Gm̤ez Lp̤ez, Edgar Moncada Castellanos, Andrea Carolina Sur̀ez P., Nathaly Molina Gm̤ez
|
| 256 |
|
|
|a Servicio en ln̕ea
|
| 260 |
|
|
|a Bogot:̀
|b Universidad de Los Andes (Colombia),
|c 2019
|
| 300 |
|
|
|a 1 recurso electrn̤ico
|
| 506 |
1 |
|
|a Disponible solo en los productos indicados
|d vLex Global
|d vLex Global (Academic Edition, excluding Law Schools)
|d vLex Global (U.S. Academic Edition, Law Schools)
|d vLex Global (U.S. Academic Edition, excluding Law Schools)
|d vLex Global (Academic Edition, Law Schools)
|
| 650 |
0 |
4 |
|a Ciencias sociales
|z Colombia
|
| 700 |
1 |
|
|a Moncada Castellanos, Edgar
|
| 700 |
1 |
|
|a Sur̀ez P., Andrea Carolina
|
| 700 |
1 |
|
|a Molina Gm̤ez, Nathaly
|
| 740 |
0 |
|
|a vLex Libros (Servicio en ln̕ea)
|
| 856 |
4 |
0 |
|u http://vlex.com/source/battista-venturello-huellas-largo-peregrinaje-territorios-indigenas-31823
|z Acceso restringido
|
| 942 |
|
|
|c BOOK
|
| 999 |
0 |
|
|a Social Sciences
|